Θέματα διδακτικής ιστορίας και γεωγραφίας
Αποθηκεύτηκε σε:
| Κύριος συγγραφέας: | |
|---|---|
| Μορφή: | Βιβλίο |
| Γλώσσα: | Greek |
| Δημοσίευση: |
Ρόδος :
Πανεπιστήμιο Αιγαίου - Παιδαγωγικά Τμήματα,
1994
|
| Θέματα: | |
| Ετικέτες: |
Προσθήκη ετικέτας
Δεν υπάρχουν, Καταχωρήστε ετικέτα πρώτοι!
|
MARC
| LEADER | 00000nam a2200000 i 4500 | ||
|---|---|---|---|
| 001 | 1/81209 | ||
| 008 | 970303s1994 gre d | ||
| 035 | |a 1995 |b 1 |c Δωρεά |l 10033637 | ||
| 040 | |a GR-MY-UA |b gre |e aacr | ||
| 041 | 0 | |a gre | |
| 082 | 0 | |a 900.071 | |
| 100 | 1 | |a Φωτίου, Κωνσταντίνος Φ. | |
| 245 | 1 | 0 | |a Θέματα διδακτικής ιστορίας και γεωγραφίας / |c Κωνσταντίνου Φ. Φωτίου |
| 260 | |a Ρόδος : |b Πανεπιστήμιο Αιγαίου - Παιδαγωγικά Τμήματα, |c 1994 | ||
| 300 | |a 59 σ. | ||
| 650 | 0 | 0 | |a History |x Study and teaching. |
| 650 | 0 | 0 | |a Geography |x Study and teaching. |
| 852 | |a INST |b RHODES |e 19970303 |h 900.071 ΦΩΤ |p 005400007446 |q 005400007446 |t BK |y 0 | ||
| 852 | |a INST |b RHODES |e 19970303 |h 900.071 ΦΩΤ |p 005400007447 |q 005400007447 |t BK |y 0 | ||
| 852 | |a INST |b RHODES |e 19970303 |h 900.071 ΦΩΤ |p 005400007448 |q 005400007448 |t BK |y 0 | ||
| 852 | |a INST |b RHODES |e 19970303 |h 900.071 ΦΩΤ |p 005400007449 |q 005400007449 |t BK |y 0 | ||
| 852 | |a INST |b RHODES |e 19970303 |h 900.071 ΦΩΤ |p 005400007450 |q 005400007450 |t BK |y 0 | ||
| 852 | |a INST |b RHODES |e 20010125 |h 900.071 ΦΩΤ |p 005400017378 |q 005400017378 |t BK |y 0 | ||
| 909 | |a Ρ |b 028340 |c 1995 | ||
| 909 | |a Ρ |b 028341 |c 1995 | ||
| 909 | |a Ρ |b 028342 |c 1995 | ||
| 909 | |a Ρ |b 028343 |c 1995 | ||
| 909 | |a Ρ |b 028344 |c 1995 | ||
| 909 | |a Ρ |b 078562 |c 2000 | ||
| 970 | |z 2000/08/ΔΕΜΕΝΑΓΑΣ ΠΕΤΡΟΣ | ||